000 00773nam a22002417a 4500
003 BUBTL
008 211124b ||||| |||| 00| 0 eng d
020 _a9789356064270
082 _a658.4/ R534o/ 2022
100 _998
_aRobbins, Stephen P.
245 _aOrganizational Behavior /
_cStephen P. Robbins, Timothy A. Judge, Neharika Vohra
250 _a18th Edn
260 _aIndia:
_bPearson,
_cc2022
300 _a796 p.:
_c25 cm.
500 _aIncludes Index
505 _aOrganizational Behavior, Stephen P. Robbins, Timothy A. Judge, Neharika Vohra
650 0 _939
_aManagement
700 _94398
_aJudge, Timothy A.
700 _94607
_aVohra, Neharika
856 _k0
_l0
_yDownload
942 _2ddc
_cBK
999 _c6725
_d6725